MARC

LEADER 00000nam0a2200000 4500
001 2517
005 20231101204245.0
010 |a 5852002232 
035 |a (RuTPU)RU\TPU\book\2529 
035 |a BOOK00002534 
090 |a 2517 
100 |a 20011209d1996 m y0rusy50 ca 
101 1 |a rus  |c fre 
102 |a RU 
105 |a a z 000zd 
200 1 |a Старые мастера  |f Э. Фромантен  |g Пер. с фр. Г. Кепинова 
210 |a Москва  |c Изобразительное искусство  |d 1996 
215 |a 312 с.  |c ил. 
600 1 |a Рубенс  |g Питер Пауэл  |b П. П.  |c фламандский живописец  |f 1577 - 1640  |2 stltpui  |3 (RuTPU)RU\TPU\pers\890 
600 1 |a Рембрандт  |b Х. Р.  |c голландский живописец  |f 1606-1669  |g Харменс ван Рейн  |2 stltpush  |3 (RuTPU)RU\TPU\pers\10065  |9 2157 
600 1 |a Ван Дейк  |g Антонис  |b А.  |c фламандский живописец  |f 1599-1641  |2 stltpui  |3 (RuTPU)RU\TPU\pers\533 
600 1 |a Поттер  |b П.  |c голландский живописец  |f 1625 - 1654  |g Паулюс  |2 stltpush  |3 (RuTPU)RU\TPU\pers\12069  |9 3153 
600 1 |a Ван Эйк  |b Х.  |c нидерландский живописец  |f около 1370 - 1426  |g Хуберт  |2 stltpush  |3 (RuTPU)RU\TPU\pers\12070  |9 3154 
600 1 |a Ван Эйк  |b Я.  |c нидерландский живописец  |f около 1390 - 1441  |g Ян  |2 stltpush  |3 (RuTPU)RU\TPU\pers\12071  |9 3155 
600 1 |a Мемлинг  |b Х.  |c нидерландский живописец  |f около 1440 - 1494  |g Ханс  |2 stltpush  |3 (RuTPU)RU\TPU\pers\12072  |9 3156 
600 1 |a Рейсдал  |b С.  |g Саломон ван  |c голландский живописец  |f 1600/1603-1670  |2 stltpush  |3 (RuTPU)RU\TPU\pers\12487 
610 1 |a живопись 
610 1 |a фламандская живопись 
610 1 |a нидерландская живопись 
610 1 |a 15 век 
610 1 |a 16 век 
610 1 |a 17 век 
675 |a 75.071(092)  |v 3 
700 1 |a Фромантен  |b Э.  |g Эжен 
801 0 |a RU  |b 63413507  |c 20011209  |g PSBO 
801 2 |a RU  |b 63413507  |c 20051222  |g PSBO 
942 |c BK